000 00658cam a2200169 i 4500
005 20251202110425.0
008 250721s9999 gr 000 0 ara d
082 1 4 _a213.63
_bه ا ش
100 1 _aالهاشمي، السيد احمد
_eمؤلف.
245 1 0 _aمختار الأحاديث النبوية والحكم المحمدية /
_cتأليف المرحوم السيد احمد الهاشمى.
264 1 _a[غير معرف] :
_bدار القلم،
_c[غير معرف].
300 _a204 صفحة.
650 1 7 _aالآحاديث الشريفة.
650 1 7 _aالأحكام الشرعية.
942 _2ddc
_cBK
999 _c91178
_d91178